[Event "It"]
[Site "Zagreb (Croatia)"]
[Round "0"]
[White "Marangunic Srdjan (CRO)"]
[Black "Siaperas Triantafyllos (GRE)"]
[Result "1/2-1/2"]
[WhiteElo "2369"]
[BlackElo "2385"]

1.c4 e5 2.Nc3 Nc6 3.g3 g6 4.Bg2 Bg7 5.d3 d6 6.Nf3 f5 7.O-O Nf6 8.Nd2 O-O 9.Rb1
Rb8 10.b4 a6 11.a4 a5 12.b5 Nb4 13.Nd5 Nbxd5 14.cxd5 {#d} 1/2-1/2

[Event "Olympiad"]
[Site "Skopje (Macedonia)"]
[Round "5"]
[White "Hug Werner (SUI)"]
[Black "Gheorghiu Florin (ROM)"]
[Result "1/2-1/2"]
[WhiteElo "2475"]
[BlackElo "2520"]

1.c4 e5 2.Nc3 Nc6 3.g3 g6 4.Bg2 Bg7 5.d3 d6 6.Rb1 f5 7.e3 Be6 8.Nge2 Nge7
9.O-O O-O 10.b4 Qd7 11.b5 Nd8 12.Nd5 Nc8 13.Bd2 c6 14.bxc6 bxc6 15.Qa4 Kh8
16.Ndc3 Qc7 17.Rfc1 e4 18.dxe4 Nb6 19.Qd1 Nxc4 20.exf5 {#d} 1/2-1/2

[Event "It"]
[Site "Venice (Italy)"]
[Round "6"]
[White "Savon Vladimir A (UKR)"]
[Black "Liberzon Vladimir M (ISR)"]
[Result "1/2-1/2"]
[WhiteElo "2575"]
[BlackElo "2515"]

1.c4 e5 2.Nc3 Nc6 3.g3 g6 4.Bg2 Bg7 5.d3 d6 6.e3 Be6 7.Rb1 Qd7 8.b4 Nge7 9.b5
Nd8 10.h4 h6 11.h5 g5 12.e4 f5 13.exf5 Nxf5 14.Nge2 {#d} 1/2-1/2

[Event "Ch Yugoslavia"]
[Site "Skender Vakuf (Yugoslavia)"]
[Round "4"]
[White "Raicevic Momcilo (MNE)"]
[Black "Krnic Zdenko (SRB)"]
[Result "1/2-1/2"]
[WhiteElo "2379"]
[BlackElo "2383"]

1.c4 e5 2.Nc3 Nc6 3.g3 g6 4.Bg2 Bg7 5.d3 d6 6.Rb1 a5 7.a3 Be6 8.Nf3 h6 9.O-O
Nge7 10.b4 axb4 11.axb4 Qd7 12.Re1 O-O 13.b5 Nd8 14.Bb2 Bh3 15.Bh1 Ne6 16.e3
f5 17.Nd2 c6 18.Ra1 {#d} 1/2-1/2

[Event "It (cat.9)"]
[Site "Baden-Baden (Germany)"]
[Round "0"]
[White "Kestler Hans-Guenther (GER)"]
[Black "Bastian Herbert (GER)"]
[Result "1/2-1/2"]
[WhiteElo "2405"]
[BlackElo "2320"]

1.c4 e5 2.Nc3 Nc6 3.g3 g6 4.Bg2 Bg7 5.d3 d6 6.Rb1 f5 7.e3 Nf6 8.Nge2 O-O 9.b4
a6 10.a4 Ne7 11.Qb3 {#d} 1/2-1/2

[Event "Ch Poland"]
[Site "Piotrkow Trybunalski (Poland)"]
[Round "12"]
[White "Stempin Pawel (POL)"]
[Black "Bernard Ryszard (POL)"]
[Result "1/2-1/2"]
[WhiteElo "2380"]
[BlackElo "2330"]

1.c4 e5 2.Nc3 Nc6 3.g3 g6 4.Bg2 Bg7 5.d3 d6 6.e3 f5 7.Nge2 Nf6 8.O-O O-O 9.Rb1
a5 10.a3 Be6 11.b4 axb4 12.axb4 Qd7 13.b5 Nd8 14.Qb3 c6 15.bxc6 bxc6 16.Ba3
{#d} 1/2-1/2

[Event "Memorial Dr. Lang (a)"]
[Site "Brno (Czech Republic)"]
[Round "6"]
[White "Jurka Miroslav (CZE)"]
[Black "Twardon Marian (POL)"]
[Result "1/2-1/2"]
[WhiteElo "2310"]
[BlackElo "2331"]

1.c4 e5 2.Nc3 Nc6 3.g3 g6 4.Bg2 Bg7 5.d3 d6 6.e3 Be6 7.Nge2 Qd7 8.O-O f5 9.Rb1
Nf6 10.Nd5 O-O 11.b4 Nh5 12.b5 Nd8 13.Qc2 c6 14.bxc6 bxc6 15.Ndc3 Nf7 16.Qa4
Rac8 17.f4 Rfd8 18.Bd2 {#d} 1/2-1/2

[Event "?"]
[Site "Cuba"]
[Round "4"]
[White "Filguth Rubens A (BRA)"]
[Black "Garcia Martinez Silvino (CUB)"]
[Result "1/2-1/2"]
[WhiteElo "2390"]
[BlackElo "2470"]

1.c4 e5 2.Nc3 Nc6 3.g3 g6 4.Bg2 Bg7 5.d3 d6 6.e4 Nd4 7.Nge2 Bg4 8.h3 Bf3 9.O-O
Nxe2+ 10.Nxe2 Bxg2 11.Kxg2 Ne7 12.Bg5 h6 13.Be3 f5 {#d} 1/2-1/2

[Event "It"]
[Site "Bogota (Colombia)"]
[Round "1"]
[White "Arrata Peralta Pedro (ECU)"]
[Black "Armas Jorge (CUB)"]
[Result "1/2-1/2"]
[WhiteElo "1954"]
[BlackElo "2381"]

1.c4 e5 2.Nc3 Nc6 3.g3 g6 4.Bg2 Bg7 5.d3 d6 6.e4 Nge7 7.Nge2 h5 8.h4 O-O 9.O-O
a6 10.Be3 Nd4 11.Qd2 f5 12.Bg5 c6 13.Nxd4 exd4 14.Ne2 Qc7 15.Rae1 fxe4 {#d}
1/2-1/2

[Event "It (cat.9)"]
[Site "Budapest (Hungary)"]
[Round "1"]
[White "Lengyel Levente (HUN)"]
[Black "Barbero Gerardo F (ARG)"]
[Result "1/2-1/2"]
[WhiteElo "2293"]
[BlackElo "2505"]

1.c4 e5 2.Nc3 Nc6 3.g3 g6 4.Bg2 Bg7 5.d3 d6 6.e4 f5 7.Nge2 Nge7 8.O-O O-O
9.Nd5 Be6 10.Be3 Qd7 11.Qd2 Rf7 12.f4 Raf8 13.Rf2 Nc8 14.Raf1 fxe4 15.dxe4
exf4 {#d} 1/2-1/2

[Event "Bundesliga 1988/89 (2nd)"]
[Site "Germany"]
[Round "0"]
[White "Eising Johannes (GER)"]
[Black "Libeau Rene (GER)"]
[Result "1/2-1/2"]
[WhiteElo "2283"]
[BlackElo "2394"]

1.c4 e5 2.Nc3 Nc6 3.g3 g6 4.Bg2 Bg7 5.d3 d6 6.e4 Nd4 7.Nge2 h5 8.h4 Bg4 9.Qa4+
Bd7 10.Qd1 Bg4 11.Qa4+ Bd7 12.Qd1 Bg4 {#d} 1/2-1/2

[Event "It (a)"]
[Site "Geneva (Switzerland)"]
[Round "0"]
[White "Miralles Gilles (FRA)"]
[Black "King Daniel J (ENG)"]
[Result "1/2-1/2"]
[WhiteElo "2460"]
[BlackElo "2560"]

1.c4 e5 2.Nc3 Nc6 3.g3 g6 4.Bg2 Bg7 5.d3 d6 6.Rb1 a5 7.a3 f5 8.e4 Nge7 9.Nge2
O-O 10.O-O Kh8 11.Be3 Nd4 12.b4 axb4 13.axb4 c6 14.Qd2 Be6 15.b5 Qd7 16.bxc6
bxc6 17.Bh6 Nxe2+ 18.Nxe2 fxe4 19.Bxg7+ Kxg7 20.Bxe4 Bh3 {#d} 1/2-1/2

[Event "It (open)"]
[Site "Groningen (Netherlands)"]
[Round "1"]
[White "Kern Guido (GER)"]
[Black "Douven Rudy C (NED)"]
[Result "1/2-1/2"]
[WhiteElo "2355"]
[BlackElo "2440"]

1.c4 e5 2.Nc3 Nc6 3.g3 g6 4.Bg2 Bg7 5.d3 d6 6.e4 Nge7 7.Nge2 O-O 8.O-O Be6
9.Nd5 f5 10.Be3 Qd7 11.Qd2 Rf7 12.Rac1 Raf8 13.f3 Nc8 14.b3 N6e7 15.Bh6 c6
16.Nxe7+ Nxe7 17.Bxg7 Kxg7 18.exf5 Nxf5 19.d4 Qd8 20.Rcd1 Qb6 {#d} 1/2-1/2

[Event "It (cat.11)"]
[Site "Calcutta (India)"]
[Round "0"]
[White "Shneider Aleksandr (UKR)"]
[Black "Barua Dibyendu (IND)"]
[Result "1/2-1/2"]
[WhiteElo "2540"]
[BlackElo "2515"]

1.c4 e5 2.Nc3 Nc6 3.g3 g6 4.Bg2 Bg7 5.d3 d6 6.e3 Be6 7.Nge2 h5 8.h4 Nh6 9.e4
O-O 10.Nd5 Ne7 {#d} 1/2-1/2

[Event "Ch Hungary (team)"]
[Site "Hungary"]
[Round "0"]
[White "Ersek Erno (HUN)"]
[Black "Porubszky-Angyalosine Maria (HUN)"]
[Result "1/2-1/2"]
[WhiteElo "2198"]
[BlackElo "2023"]

1.c4 e5 2.Nc3 Nc6 3.g3 g6 4.Bg2 Bg7 5.d3 d6 6.Nf3 Nf6 7.Rb1 a5 8.a3 O-O 9.b4
axb4 10.axb4 Re8 11.O-O d5 12.cxd5 Nxd5 13.Nxd5 {#d} 1/2-1/2

[Event "Tournament ''NB'' "]
[Site "Bayern (Germany)"]
[Round "5"]
[White "Lipok Erik (GER)"]
[Black "Bensch Patrick (GER)"]
[Result "1/2-1/2"]
[WhiteElo "2108"]
[BlackElo "2175"]

1.c4 e5 2.Nc3 Nc6 3.g3 g6 4.Bg2 Bg7 5.d3 d6 6.h4 h6 7.Bd2 f5 8.Nd5 Nf6 9.Qc1
Nd4 10.Nf3 Nxf3+ 11.Bxf3 c6 12.Nxf6+ Qxf6 13.Rb1 a5 14.b3 Qe7 15.Bg2 Kf7 16.a3
Kg8 17.b4 axb4 18.axb4 Kh7 19.Bc3 {#d} 1/2-1/2

[Event "Ch Reinland"]
[Site "Germany"]
[Round "0"]
[White "Bugiel Marcel"]
[Black "Lenhardt Stefan (GER)"]
[Result "1/2-1/2"]
[WhiteElo "1855"]
[BlackElo "2019"]

1.c4 e5 2.Nc3 Nc6 3.g3 g6 4.Bg2 Bg7 5.d3 d6 6.e4 Nd4 7.Be3 Ne7 8.Qd2 Nec6 9.h3
Be6 10.Nd5 h6 11.Ne2 Qd7 12.Bxd4 Nxd4 13.Nxd4 exd4 14.Nf4 O-O 15.Nxe6 {#d}
1/2-1/2

[Event "Ch PF"]
[Site "Bellheim (Germany)"]
[Round "0"]
[White "Burkhardt Tobias (GER)"]
[Black "Teuffer Michael (GER)"]
[Result "1/2-1/2"]
[WhiteElo "1934"]
[BlackElo "2140"]

1.c4 e5 2.Nc3 Nc6 3.g3 g6 4.Bg2 Bg7 5.d3 d6 6.e4 Nf6 7.Nge2 O-O 8.O-O Nh5 9.f4
f5 10.Rb1 Kh8 11.Be3 Nd4 12.Nb5 Nxb5 13.cxb5 exf4 14.Nxf4 Nxf4 15.Bxf4 Bd4+
16.Kh1 Be6 {#d} 1/2-1/2

[Event "It \"]
[Site "Legnica (Poland)"]
[Round "0"]
[White "Schmidt Wlodzimierz (POL)"]
[Black "Collas Didier (FRA)"]
[Result "1/2-1/2"]
[WhiteElo "2460"]
[BlackElo "2400"]

1.c4 e5 2.Nc3 Nc6 3.g3 g6 4.Bg2 Bg7 5.d3 d6 6.e4 Nge7 7.Nge2 O-O 8.O-O Nd4
9.Nxd4 exd4 10.Ne2 Rb8 11.Bd2 a6 12.h3 b5 13.b3 c5 {#d} 1/2-1/2

[Event "It (open)"]
[Site "Gyongyos (Hungary)"]
[Round "0"]
[White "Volosin Vladimir (HUN)"]
[Black "Ianov Viktor (UKR)"]
[Result "1/2-1/2"]
[WhiteElo "2294"]
[BlackElo "2425"]

1.c4 e5 2.Nc3 Nc6 3.g3 g6 4.Bg2 Bg7 5.d3 d6 6.e4 Be6 7.Nge2 h5 8.h4 Nh6 9.Nd5
a5 10.Bg5 f6 11.Be3 O-O 12.f3 Nf7 13.Qd2 Qd7 14.O-O Kh7 15.Rac1 b6 16.d4 Nxd4
17.Nxd4 exd4 18.Bxd4 Ne5 19.b3 Rae8 20.Rcd1 {#d} 1/2-1/2

[Event "Ch SVR (3)"]
[Site "Nickenich (Germany)"]
[Round "0"]
[White "Kohlei Rolf (GER)"]
[Black "Thieme-Garmann Alexander (GER)"]
[Result "1/2-1/2"]
[WhiteElo "2064"]
[BlackElo "2120"]

1.c4 e5 2.Nc3 Nc6 3.g3 g6 4.Bg2 Bg7 5.d3 d6 6.e3 Be6 7.Nd5 Qd7 8.Qa4 Nf6 9.Ne2
O-O 10.O-O Ne8 11.f4 f5 12.Rb1 Qf7 13.Bd2 Nd8 14.e4 Nf6 15.h3 Nd7 16.Qc2 Rc8
17.Rbe1 c6 18.Ne3 Qe7 19.fxe5 dxe5 20.Rf2 Rf6 21.Ref1 {#d} 1/2-1/2

[Event "It (open)"]
[Site "Belo Horizonte (Brazil)"]
[Round "3"]
[White "Campos Antonio (ESP)"]
[Black "Barata Ricardo (BRA)"]
[Result "1/2-1/2"]
[WhiteElo "2034"]
[BlackElo "2170"]

1.c4 e5 2.Nc3 Nc6 3.g3 g6 4.Bg2 Bg7 5.d3 d6 6.Bd2 Be6 7.b4 Qd7 8.Rb1 f5 9.a4
Rb8 10.Qc2 Nf6 11.e3 O-O 12.Nge2 h6 13.O-O Ne7 14.b5 c6 15.Rfc1 g5 16.a5 Nh5
17.bxc6 bxc6 18.Rxb8 Rxb8 19.Rb1 Rxb1+ 20.Qxb1 f4 {#d} 1/2-1/2

[Event "Ch France (team) 1996/97"]
[Site "France"]
[Round "7"]
[White "Barakoff Annie"]
[Black "Chapelle Emilie (FRA)"]
[Result "1/2-1/2"]
[WhiteElo "1570"]
[BlackElo "2012"]

1.c4 e5 2.Nc3 Nc6 3.g3 g6 4.Bg2 Bg7 5.d3 d6 6.Rb1 a5 7.a3 Nf6 8.Nf3 O-O 9.O-O
Nh5 10.Bd2 h6 11.b4 Kh7 12.c5 axb4 13.axb4 {#d} 1/2-1/2

[Event "Cup Russia (final)"]
[Site "Sochi (Russia)"]
[Round "6"]
[White "Malaniuk Vladimir P (UKR)"]
[Black "Sherbakov Ruslan (RUS)"]
[Result "1/2-1/2"]
[WhiteElo "2615"]
[BlackElo "2580"]

1.c4 e5 2.Nc3 Nc6 3.g3 g6 4.Bg2 Bg7 5.d3 d6 6.Nf3 Nf6 7.Bg5 h6 8.Bxf6 Bxf6
9.Rb1 a5 10.a3 Ne7 11.b4 axb4 12.axb4 Bg7 13.O-O c6 14.Nd2 O-O 15.b5 {#d}
1/2-1/2

[Event "Ch Asia (juniors) (under 14)"]
[Site "Iran"]
[Round "7"]
[White "Radjabov Teimour (AZE)"]
[Black "Tomb Maroun (LIB)"]
[Result "1/2-1/2"]
[WhiteElo "2325"]
[BlackElo "2086"]

1.c4 e5 2.Nc3 Nc6 3.g3 g6 4.Bg2 Bg7 5.d3 d6 6.Nf3 Nge7 7.Bd2 O-O 8.Qc1 Bd7
9.Bh6 Nf5 10.Bxg7 Nxg7 11.e4 Bg4 12.Ng1 Nb4 13.Qd2 Bd7 14.a3 Nc6 15.Qh6 Nd4
16.Nf3 Nxf3+ 17.Bxf3 Ne6 18.h4 Qf6 19.Bg4 Bc6 {#d} 1/2-1/2

[Event "It (open)"]
[Site "Sao Paulo (Brazil)"]
[Round "7"]
[White "Disconzi Da Silva Rodrigo (BRA)"]
[Black "Marques Vinicius (BRA)"]
[Result "1/2-1/2"]
[WhiteElo "2355"]
[BlackElo "2235"]

1.c4 e5 2.Nc3 Nc6 3.g3 g6 4.Bg2 Bg7 5.d3 d6 6.e3 Be6 7.Rb1 a5 8.Nge2 Qd7 9.Nd5
h5 10.h3 Nge7 11.a3 Nd8 12.e4 O-O 13.Bg5 f6 14.Be3 Nc8 {#d} 1/2-1/2

[Event "It (cat.8)"]
[Site "Budapest (Hungary)"]
[Round "4"]
[White "Csom Istvan (HUN)"]
[Black "Nguyen Anh Dung (VIE)"]
[Result "1/2-1/2"]
[WhiteElo "2472"]
[BlackElo "2484"]

1.c4 e5 2.Nc3 Nc6 3.g3 g6 4.Bg2 Bg7 5.d3 d6 6.e3 Be6 7.b3 Qd7 8.Bb2 Nge7 9.Nd5
O-O 10.Qd2 Rac8 11.Ne2 Rfe8 12.h3 h5 13.d4 Nf5 14.dxe5 Nxe5 15.Rd1 b5 16.cxb5
Qxb5 17.Ndc3 Qa6 18.O-O {#d} 1/2-1/2

[Event "Ch Argentina"]
[Site "Buenos Aires (Argentina)"]
[Round "7"]
[White "Fiorito Fabian (ARG)"]
[Black "Slipak Sergio (ARG)"]
[Result "1/2-1/2"]
[WhiteElo "2440"]
[BlackElo "2521"]

1.c4 e5 2.Nc3 Nc6 3.g3 g6 4.Bg2 Bg7 5.d3 d6 6.Nf3 Nge7 7.O-O O-O 8.Rb1 a5 9.a3
h6 10.b4 axb4 11.axb4 Nd4 12.Nd2 c6 13.e3 Ne6 14.Qb3 Kh7 15.Ba3 f5 16.b5 c5
17.Bb2 f4 18.Qd1 Ng5 19.Nce4 Nxe4 20.Nxe4 fxe3 21.fxe3 {#d} 1/2-1/2

[Event "Ch Romania"]
[Site "Iasi (Romania)"]
[Round "6"]
[White "Mateuta Gabriel (ROM)"]
[Black "Negulescu Adrian (ROM)"]
[Result "1/2-1/2"]
[WhiteElo "2398"]
[BlackElo "2440"]

1.c4 e5 2.Nc3 Nc6 3.g3 g6 4.Bg2 Bg7 5.d3 d6 6.Nf3 Nge7 7.O-O h6 8.Rb1 a5 9.a3
Be6 10.b4 axb4 11.axb4 Qd7 12.b5 Nd8 13.Bb2 {#d} 1/2-1/2

[Event "Ch Great Britain"]
[Site "Scarborough (England)"]
[Round "6"]
[White "Devereaux Maxim (ENG)"]
[Black "Hanley Craig (ENG)"]
[Result "1/2-1/2"]
[WhiteElo "2265"]
[BlackElo "2178"]

1.c4 e5 2.Nc3 Nc6 3.g3 g6 4.Bg2 Bg7 5.d3 d6 6.Nf3 Nge7 7.O-O O-O 8.Rb1 a5 9.a3
h6 10.b4 axb4 11.axb4 Be6 12.b5 Na5 13.Nd2 d5 14.cxd5 Nxd5 15.Nxd5 Bxd5
16.Bxd5 Qxd5 17.Qc2 Rfc8 18.Nc4 Nxc4 19.dxc4 Qe6 20.Rd1 {#d} 1/2-1/2

[Event "Ch Yugoslavia (team)"]
[Site "Novi Sad (Yugoslavia)"]
[Round "4"]
[White "Paunovic Dragan (SRB)"]
[Black "Blagojevic Dragisa (MNE)"]
[Result "1/2-1/2"]
[WhiteElo "2467"]
[BlackElo "2475"]

1.c4 e5 2.Nc3 Nc6 3.g3 g6 4.Bg2 Bg7 5.d3 d6 6.Nf3 Nge7 7.Rb1 a5 8.a3 O-O 9.O-O
Nd4 10.Nd2 c6 11.b4 axb4 12.axb4 d5 13.Bb2 Bg4 14.h3 Be6 15.Re1 Qc7 16.e3 Ndf5
17.Na4 Nd6 18.Nc5 Bf5 19.e4 dxe4 20.Ndxe4 Nxe4 21.dxe4 {#d} 1/2-1/2

[Event "Tournament (team) \"]
[Site "Argentina"]
[Round "0"]
[White "Celis Guillermo (ARG)"]
[Black "Vinardi Ezequiel (ARG)"]
[Result "1/2-1/2"]
[WhiteElo "2042"]
[BlackElo "2130"]

1.c4 e5 2.Nc3 Nc6 3.g3 g6 4.Bg2 Bg7 5.d3 d6 6.e3 f5 7.Nge2 Nf6 8.a3 a5 9.Rb1
O-O 10.O-O Be6 11.b4 axb4 12.axb4 Rb8 13.Nd5 Ne7 14.Nxe7+ Qxe7 15.Qc2 c6 16.b5
Qd7 17.Bd2 d5 18.bxc6 bxc6 19.c5 Qa7 20.Ra1 Qd7 21.Ba5 {#d} 1/2-1/2

[Event "Ch Brazil (1/2 final)"]
[Site "Brazil"]
[Round "0"]
[White "Maracaba Francisco Wladimir G (BRA)"]
[Black "Souza Filho Namyr C (BRA)"]
[Result "1/2-1/2"]
[WhiteElo "2124"]
[BlackElo "2113"]

1.c4 e5 2.Nc3 Nc6 3.g3 g6 4.Bg2 Bg7 5.d3 d6 6.Nf3 Nge7 7.O-O O-O 8.e4 h6 9.Be3
f5 10.Qd2 Kh7 11.c5 Be6 12.d4 fxe4 13.Nxe4 Bd5 14.cxd6 cxd6 15.Qd3 Bxe4
16.Qxe4 d5 17.Qh4 Nf5 {#d} 1/2-1/2

[Event "Ch Croatia (team)"]
[Site "Medulin (Croatia)"]
[Round "9"]
[White "Fucak Emilijo (CRO)"]
[Black "Rasic Damir (BIH)"]
[Result "1/2-1/2"]
[WhiteElo "2286"]
[BlackElo "2337"]

1.c4 e5 2.Nc3 Nc6 3.g3 g6 4.Bg2 Bg7 5.d3 d6 6.Nf3 Nge7 7.O-O O-O 8.a3 h6 9.Bd2
Be6 10.b4 Qd7 11.Re1 f5 12.Qc1 Kh7 13.b5 {#d} 1/2-1/2

[Event "Ch Poland (juniors) (under 20) (g)"]
[Site "Trzebinia (Poland)"]
[Round "6"]
[White "Pokojska Daria (POL)"]
[Black "Aakio Seppo (FIN)"]
[Result "1/2-1/2"]
[WhiteElo "2084"]
[BlackElo "2070"]

1.c4 e5 2.Nc3 Nc6 3.g3 g6 4.Bg2 Bg7 5.d3 d6 6.e4 Nd4 7.Be3 Ne7 8.Nge2 Bg4
9.Bxd4 exd4 10.Nd5 O-O 11.O-O c6 12.Nxe7+ Qxe7 13.f4 Qd7 14.Rf2 Bh3 15.Bxh3
Qxh3 16.f5 Qh5 17.Qf1 Bh6 18.Nf4 Bxf4 19.Rxf4 g5 20.Rf2 f6 {#d} 1/2-1/2

[Event "It (open)"]
[Site "San Martino di Castrozza (Italy)"]
[Round "3"]
[White "Ivanov Mikhail M (RUS)"]
[Black "Drasko Milan (MNE)"]
[Result "1/2-1/2"]
[WhiteElo "2453"]
[BlackElo "2486"]

1.c4 e5 2.Nc3 Nc6 3.g3 g6 4.Bg2 Bg7 5.d3 d6 6.Rb1 a5 7.a3 f5 8.e4 Nf6 9.Nge2
O-O 10.O-O Ne7 11.b4 axb4 12.axb4 c6 13.Qb3 Be6 14.b5 Nd7 {#d} 1/2-1/2

[Event "Ch Poland (juniors) (under 18)"]
[Site "Leba (Poland)"]
[Date "2004.04.01"]
[Round "7"]
[White "Sypien Mateusz (POL)"]
[Black "Adamski Michal (POL)"]
[Result "1/2-1/2"]
[WhiteElo "2176"]
[BlackElo "2287"]

1.c4 e5 2.Nc3 Nc6 3.g3 g6 4.Bg2 Bg7 5.d3 d6 6.e3 Be6 7.Rb1 a5 8.Nge2 Qd7 9.Nd5
f5 10.O-O Nf6 11.a3 O-O 12.b4 axb4 13.axb4 Nd8 14.Qb3 g5 15.f4 gxf4 16.exf4
Qf7 17.Nxf6+ Bxf6 18.Bb2 Qh5 19.Qc2 c6 20.Ra1 Rc8 21.c5 {#d} 1/2-1/2

[Event "It"]
[Site "Santos (Brazil)"]
[Date "2004.08.01"]
[Round "2"]
[White "Sega Carlos Alberto (BRA)"]
[Black "Rosito Jorge (ARG)"]
[Result "1/2-1/2"]
[WhiteElo "2327"]
[BlackElo "2403"]

1.c4 e5 2.Nc3 Nc6 3.g3 g6 4.Bg2 Bg7 5.d3 d6 6.e3 f5 7.Nge2 Nf6 8.O-O O-O 9.Rb1
a5 10.b3 Be6 11.Ba3 Qd7 12.d4 {#d} 1/2-1/2

[Event "Ch France (juniors)"]
[Site "Calvi (France)"]
[Round "1"]
[White "Bardolle Victor (FRA)"]
[Black "Li David"]
[Result "1/2-1/2"]
[WhiteElo "2039"]
[BlackElo "1760"]

1.c4 e5 2.Nc3 Nc6 3.g3 g6 4.Bg2 Bg7 5.d3 d6 6.Nf3 Nf6 7.e4 O-O 8.Be3 Nh5 9.Qd2
f5 10.Bh6 f4 11.Bxg7 Kxg7 12.O-O Bg4 13.h3 Bxf3 14.Bxf3 Nd4 15.Bxh5 gxh5
16.Kg2 Qg5 17.Rad1 Kh8 18.Nb5 c6 19.Nxd6 b6 {#d} 1/2-1/2

[Event "Memorial Crespi (open)"]
[Site "Milan (Italy)"]
[Date "2005.12.08"]
[Round "3"]
[White "Buil Montanes Carlos (ESP)"]
[Black "Di-Marco Ruggero (ITA)"]
[Result "1/2-1/2"]
[WhiteElo "1893"]
[BlackElo "1830"]

1.c4 e5 2.Nc3 Nc6 3.g3 g6 4.Bg2 Bg7 5.d3 d6 6.Nf3 Nge7 7.O-O h6 8.Rb1 Be6 9.h3
Qd7 10.Kh2 O-O 11.b4 f5 12.b5 Nd8 13.e4 c6 14.a4 Nf7 15.Ba3 Rfd8 16.Qe2 Kh7
17.Rfd1 Qc7 18.d4 a6 19.d5 Bd7 20.Bb2 Ng8 21.Rbc1 c5 {#d} 1/2-1/2

[Event "It (open)"]
[Site "Schwabisch Gmund (Germany)"]
[Date "2008.01.06"]
[Round "9"]
[White "Miezis Normunds (LAT)"]
[Black "Philippe Christophe (FRA)"]
[Result "1/2-1/2"]
[WhiteElo "2557"]
[BlackElo "2458"]

1.c4 e5 2.Nc3 Nc6 3.g3 g6 4.Bg2 Bg7 5.d3 d6 6.e4 Nge7 7.Nge2 O-O 8.O-O Be6
9.h3 Qd7 10.Kh2 f5 11.Nd5 Rf7 12.f4 {#d} 1/2-1/2

[Event "Ch DFO"]
[Site "Birobidzhan (Russia)"]
[Date "2008.03.17"]
[Round "7"]
[White "Semeniuk Leonid (RUS)"]
[Black "Dudarev V (RUS)"]
[Result "1/2-1/2"]
[WhiteElo "2343"]
[BlackElo "2260"]

1.c4 e5 2.Nc3 Nc6 3.g3 g6 4.Bg2 Bg7 5.d3 d6 6.e3 Nge7 7.Nge2 Bg4 8.h3 Be6
9.Nd5 Qd7 10.Nec3 O-O 11.Nxe7+ Qxe7 12.O-O Qd7 13.Kh2 f5 14.a3 Nd8 15.Qc2 c6
16.b4 Rc8 17.Bd2 {#d} 1/2-1/2

[Event "It \"]
[Site "Moscow (Russia)"]
[Date "2009.07.07"]
[Round "4"]
[White "Glek Igor V (GER)"]
[Black "Gavrilov Alexei (RUS)"]
[Result "1/2-1/2"]
[WhiteElo "2528"]
[BlackElo "2480"]

1.c4 e5 2.Nc3 Nc6 3.g3 g6 4.Bg2 Bg7 5.d3 d6 6.Nf3 Nf6 7.O-O O-O 8.Bg5 h6
9.Bxf6 Qxf6 10.Nd5 Qd8 11.Nd2 f5 12.e3 {#d} 1/2-1/2

[Event "Memorial V.Dvorkovich (cat.3)"]
[Site "Moscow (Russia)"]
[Date "2009.09.18"]
[Round "11"]
[White "Ageichenko Genadi A (RUS)"]
[Black "Ulko Jaroslav (RUS)"]
[Result "1/2-1/2"]
[WhiteElo "2375"]
[BlackElo "2478"]

1.c4 e5 2.Nc3 Nc6 3.g3 g6 4.Bg2 Bg7 5.d3 d6 6.Rb1 a5 7.a3 Nf6 8.b4 axb4 9.axb4
O-O 10.b5 Ne7 11.Nf3 h6 12.O-O Be6 13.Bb2 Qd7 14.Re1 Bh3 15.Bh1 {#d} 1/2-1/2

[Event "Czech League 2009/10 (krajsky prebor)"]
[Site "Czech Republic"]
[Date "2009.11.15"]
[Round "3"]
[White "Houska Bronislav (CZE)"]
[Black "Mares Petr (CZE)"]
[Result "1/2-1/2"]
[WhiteElo "2042"]
[BlackElo "2081"]

1.c4 e5 2.Nc3 Nc6 3.g3 g6 4.Bg2 Bg7 5.d3 d6 6.e3 f5 7.Nge2 Nf6 8.Rb1 a5 9.a3
O-O 10.b4 axb4 11.axb4 g5 12.h4 g4 {#d} 1/2-1/2

[Event "It (cat.3)"]
[Site "Santos (Brazil)"]
[Date "2010.08.10"]
[Round "2"]
[White "Sega Carlos Alberto (BRA)"]
[Black "Rosito Jorge (ARG)"]
[Result "1/2-1/2"]
[WhiteElo "2253"]
[BlackElo "2422"]

1.c4 e5 2.Nc3 Nc6 3.g3 g6 4.Bg2 Bg7 5.d3 d6 6.e4 f5 7.Nge2 Nf6 8.O-O O-O 9.h3
Be6 10.Nd5 Qd7 11.Kh2 Rf7 12.Be3 Raf8 13.exf5 Bxf5 14.Nxf6+ Bxf6 15.Bh6 Re8
16.Qd2 Be6 17.Rad1 d5 18.b3 Rd8 {#d} 1/2-1/2

[Event "Tournament (open)"]
[Site "Kouty nad Desnou (Czech Republic)"]
[Date "2011.03.17"]
[Round "7"]
[White "Sedivy Martin"]
[Black "Vesely Vitek"]
[Result "1/2-1/2"]
[WhiteElo "1849"]
[BlackElo "1694"]

1.c4 e5 2.Nc3 Nc6 3.g3 g6 4.Bg2 Bg7 5.d3 d6 6.e3 f5 7.Nge2 Nf6 8.O-O O-O 9.a3
a5 10.Qc2 Ne7 11.Bd2 c6 12.b4 axb4 13.axb4 Be6 14.b5 Qc7 15.bxc6 Rxa1 16.Rxa1
bxc6 17.Qa4 Rb8 18.Rb1 {#d} 1/2-1/2

[Event "It \"]
[Site "Hamburg (Germany)"]
[Date "2011.07.13"]
[Round "6"]
[White "Manthey Juergen"]
[Black "Nugel Karl-Heinz (GER)"]
[Result "1/2-1/2"]
[WhiteElo "1830"]
[BlackElo "2042"]

1.c4 e5 2.Nc3 Nc6 3.g3 g6 4.Bg2 Bg7 5.d3 d6 6.e3 f5 7.Nge2 Nf6 8.O-O O-O 9.Rb1
a5 10.b3 Ne7 11.f4 c6 12.Bd2 Be6 13.h3 Bf7 14.Kh2 Qc7 {#d} 1/2-1/2